banner-ar

الصهيونية فى الستينات : الفاتيكان واليهود (Record no. 39833)

MARC details
000 -الفاتح
حقل البيانات ثابتة الطول 00345nam a2200121Ia 4500
008 - عناصر البيانات ثابتة الطول - معلومات عامة
حقل البيانات ثابتة الطول 140319s9999 xx 000 0 ara d
040 ## - مصدر الفهرسة
وكالة الفهرسة الأصلية GCL /
وكالة النسخ GCL
082 04 - رقم تصنيف ديوى العشرى
رقم التصنيف 296.6
رقم المادة م ص
245 10 - بيان العنوان
العنوان الصهيونية فى الستينات : الفاتيكان واليهود
300 ## - الوصف المادى
التعداد 313 ص
490 ## - بيان السلسلة
عنوان السلسلة من الشرق والغرب
رقم المجلد/ التعيين التسلسلي 0
Holdings
حالة التراجع حالة الفقد حالة تلف ليس للاعارة المكان المؤقت الموقع الحالى تاريخ الاكتساب اجمالي اﻻعارات رقم الطلب الباركود تاريخ اخر مشاهدة تاريخ تفعيل السعر نوع وعاء كوها
        مكتبة القاهرة الكبرى مكتبة القاهرة الكبرى 03/26/2014   296.6\م ص 97119 03/26/2014 03/26/2014 كتاب

Powered By

EGPV